03204nam a2200277 i 450000100060000000300090000600500170001500700030003200800410003508000120007608000140008810000350010224504650013724600750060224600520067726000510072930000320078050518430081261000530265561000530270861000180276165000360277965000500281565000240286585200370288977194ES-MaACL20250825002645.0t|041007m18981920sp ||||1| spa d a002(04) a655.5(04)1 aGutiérrez Jiménez, Rafael.10aColección de documentos referentes á la Asociación para propagar y fomentar grandes bibliotecas populares en España y América ...que han servido de base para la fundación de Ambos Mundos b: sociedad anónima de exportación e importación de librería e industria editorial, fundada sobre la base de una confederación científico-literaria de todos los países de habla castellana / cproyectos originales de Rafael Gutiérrez Jiménez.30aLiga Hispano-Americana de Instrucción Popular y Propaganda Comercial30aInstituto Hispano-Americano de Artes Gráficas aBilbao : bImp. de Ambos Mundos, c1898-1920. a1 v. (pag. var.) ; c21 cm.8 aContiene: ; tAsociación para propagar y fomentar las bibliotecas populares en España y en las naciones donde se habla ...castellano : estatutos, 1899 (16 p.) ; tPrograma y estatutos de la Asociación para propagar y fomentar grandes bibliotecas populares en España y las repúblicas ... / rpor Rafael Gutiérrez Jiménez ; Programa y estatutos de la Compañia Editorial de Bibliotecas, 1901(64 p.). -- tLiga Hispano-Americana de Instrucción Popular : asociación para fundar centros de cultura intelectual dotados de grandes bibliotecas populares en España y las naciones de América que hablan ...castellano : programa y estatutos, 1902 (54 p.) ; tLiga Hispano-Americana de Instrucción Popular : asociación ...cultura intelectual ó de segunda enseñanza popular ... : estatutos y programa, [1902?] . - (Cuaderno ; 1) (52 p.) ; tPrograma de la Cámara de Castilla : órgano central directivo de la Liga Hispano-Americana de Instrucción Popular, [1902?] .- (Cuaderno ; 2) (48 p.) ; tBibliotecas populares de la Liga Hispano-Americana de Instrucción Popular : programa / rInstituto Hispano-Americano de Artes Gráficas, [s.a.] (64 p.). -- tEstatutos de la Liga Hispano-Americana de Instrucción Popular, 1902 (8 p.) ; tEstatutos del Instituto Hispano-Americano de Artes Gráficas : ...editorial anónima : fundada ...para abastecer de libros las bibliotecas populares de la Liga de Instrucción Popular, [s.a.] (8 p.) ; tAmbos Mundos : sociedad anónima ...editorial, fundada sobre la base de una confederación científico-literaria de ...países de habla castellana, 1919 (16, 4 p.) ;tAmbos Mundos : bibliotecas mercantiles, 1920 (24 p.) ; tAmbos Mundos : bibliotecas católicas, 1920 (23 p.) ; tEstatutos de la Compañía Anónima Mercantil e Industrial Ambos Mundos, 1920 (14 p.)24aLiga Hispano-Americana de Instrucción Popular.24aInstituto Hispano-Americano de Artes Gráficas.24aAmbos Mundos. 4aBibliotecas-xAdministración.04aBibliotecas públicas-zEspaña-vHistoria. 7aLibros-xComercio2 aES-MaACLjF-1527 z. - Hol. azul